Grant v Broadland Properties Estates Ltd (Record no. 51214)

MARC details
000 -LEADER
fixed length control field 01693cab a2200253 4500
001 - CONTROL NUMBER
control field E86879
008 - FIXED-LENGTH DATA ELEMENTS--GENERAL INFORMATION
fixed length control field 090401t1997 xxu||||| |||| 00| 0 eng d
035 ## - SYSTEM CONTROL NUMBER
System control number (Sirsi) u81276
041 ## - LANGUAGE CODE
Language code of text/sound track or separate title eng
245 ## - TITLE STATEMENT
Title Grant v Broadland Properties Estates Ltd
260 ## - PUBLICATION, DISTRIBUTION, ETC.
Date of publication, distribution, etc. 1997
350 ## - PRICE (NR) (BK AM CF MU VM SE) [OBSOLETE]
Price 0
490 ## - SERIES STATEMENT
Series statement Scots Law Times
Volume/sequential designation 1997 SLT 1030-1036(7)
520 ## - SUMMARY, ETC.
Summary, etc. First Division. 13 February 1997. Rent properly payable - obligation on tenant in lease to install drainage scheme - obligation implemented by tenant - whther obligation incumbent on landlord in terms of statute - time as at which validity of obligation to be determined - whether drainage scheme a tenant`s improvement to be left out of account in determining rent. Arbitration to determine rent - appeal to Land Court against award of arbiter - whther competent to raise such issue on appeal. Jurisdiction - Land Court - agricultural holding - arbitration to determine rent - appeal against award of arbiter - appeal raising question as to liability of landlord in relation to fixed equipment on holding and whether or not tenant had carried out works which properly ought to have been done by landlord - whether Land Court had jurisdiction to determine question of liability of landlord in appeal against arbiter`s rental award.
650 ## - SUBJECT ADDED ENTRY--TOPICAL TERM
Topical term or geographic name entry element AGRICULTURAL HOLDINGS (SCOTLAND) ACT 1991
650 ## - SUBJECT ADDED ENTRY--TOPICAL TERM
Topical term or geographic name entry element AGRICULTURAL HOLDINGS
650 ## - SUBJECT ADDED ENTRY--TOPICAL TERM
Topical term or geographic name entry element ARBITER
650 ## - SUBJECT ADDED ENTRY--TOPICAL TERM
Topical term or geographic name entry element MANAGEMENT-DISPUTE AVOIDANCE, MANAGEMENT AND RESOLUTION-DISPUTE MANAGEMENT AND RESOLUTION-ARBITRATION
650 ## - SUBJECT ADDED ENTRY--TOPICAL TERM
Topical term or geographic name entry element RENTAL AWARD
650 ## - SUBJECT ADDED ENTRY--TOPICAL TERM
Topical term or geographic name entry element SCOTTISH LAND COURT
690 ## - LOCAL SUBJECT ADDED ENTRY--TOPICAL TERM (OCLC, RLIN)
Topical term or geographic name as entry element LANDLORD AND TENANT-CASE LAW-AGRICULTURAL TENANCIES
942 ## - ADDED ENTRY ELEMENTS (KOHA)
Suppress in OPAC 0
948 ## - LOCAL PROCESSING INFORMATION (OCLC); SERIES PART DESIGNATOR (RLIN)
c (OCLC) 06/10/1997
Holdings
Withdrawn status Lost status Source of classification or shelving scheme Damaged status Not for loan Home library Current library Shelving location Date acquired Total Checkouts Full call number Barcode Date last seen Copy number Price effective from Koha item type
    Dewey Decimal Classification     London London Journal article 14/09/1999   E86879 81276-1001 06/08/2019 1 06/08/2019 Law report